|
|
|
|
| LEADER |
00000nab a2200000 a 4500 |
| 001 |
vtls000175677 |
| 003 |
SK-MaSNL |
| 005 |
20260304061722.0 |
| 008 |
250422c1983 xo 0 slo |
| 015 |
|
|
|a SNBRB19rr/mm-uuuuu
|
| 035 |
|
|
|a CL0185790
|
| 035 |
|
|
|a urn:nbn:sk:snk-ab7k3t
|
| 035 |
|
|
|a (urnnbn)urn:nbn:sk:snk:ar-005zoq
|
| 035 |
|
|
|a (uuid)f6042144-dcc0-4c0b-bd7b-b6323fc62025
|
| 040 |
|
|
|a SNKBUCL
|b slo
|c SNKBUCL
|e AACR2
|
| 041 |
0 |
|
|a eng
|
| 044 |
|
|
|a xo
|c SK
|
| 080 |
|
|
|a 543
|2 1981
|
| 100 |
1 |
|
|a Matherny, Mikuláš,
|d 1930-2015
|4 aut
|9 223308
|
| 245 |
1 |
0 |
|a Euroanalysis. 4. Reviews on Analytical Chemistry
|c M. Matherny ; L. Niinistő
|
| 650 |
0 |
7 |
|a analytická chémia
|2 SNKPH
|9 849
|
| 655 |
|
7 |
|a články z novín a časopisov
|2 SNK
|9 267496
|
| 700 |
1 |
|
|a Niinistő, L.
|4 aut
|9 1346379
|
| 773 |
0 |
|
|t Chemické zvesti
|g Roč. 37, č. 6 (1983), s. 851-854
|
| 787 |
0 |
8 |
|i Rec.:
|a Niinistő, L.
|t Euroanalysis. 4. Reviews on Analytical Chemistry
|d Budapest : Akádémiai Kiadó, 1982
|
| 850 |
|
|
|a Slovenská národná knižnica
|
| 852 |
|
|
|a Slovenská národná knižnica
|
| 958 |
|
|
|a article7
|
| 958 |
|
|
|a OND
|
| 958 |
|
|
|a RK
|
| 958 |
|
|
|a EUIPO
|
| 992 |
|
|
|a RBX
|
| 999 |
|
|
|c 2734515
|d 2736445
|